[Event "Chess Tournament, All Welcome"]
[Site "SchemingMind.com"]
[Date "2006.06.12"]
[Round "-"]
[White "Tipperary"]
[Black "jjb091"]
[Result "0-1"]
[WhiteCountry "IRL"]
[BlackCountry "USA"]
[WhiteElo "1499"]
[WhiteRD "71"]
[BlackElo "1635"]
[BlackRD "77"]
[GameID "54872"]

1. e4 c5 2. Na3 Nc6 3. c3 d5 4. d3 e6 5. Nf3 dxe4 6. Ng5 Be7 7. h4 Nf6 8. dxe4 Qxd1+ 9. Kxd1 h6 10. Nb5 hxg5
11. Nc7+ Kf8 12. Nxa8 Bd8 13. f3 gxh4 14. Be3 b6 15. g3 Bb7 16. Bg5 Bxa8 17. gxh4 Nxe4 18. fxe4 Bxg5 19. h5 Ne5 20. Kc2 Bxe4+
21. Bd3 Bxd3+ 22. Kb3 Be4 23. Rhe1 Bd5+ 24. Kc2 f6 25. b3 Rxh5 26. Re2 Bh6 27. Rae1 g5 28. c4 Bf3 29. Rf2 g4 30. Rff1 Rh2+
31. Kb1 g3 32. Rxe5 fxe5 33. Rxf3+ Bf4 34. Rf1 g2
0-1